000 00343nam a2200145Ia 4500
008 191201s2002 xx 000 0 und d
082 _a005.133
_bHUS
100 _aHubbard, John R
245 0 _aProgramming with c++
250 _a2nd
260 _aN.Delhi
_bTata mc Graw Hill
_c2002
300 _a422
650 _aB.Tech(CSE)
942 _2ddc
_cBK
999 _c941
_d941